| 000 | 00000nam##2200000za#4500 |
| 001 | 9.575815 |
| 003 | CaOODSP |
| 005 | 20210624184837 |
| 007 | cr ||||||||||| |
| 008 | 150406|2007||||xxc|||||o f|0| 0 eng|d |
| 040 | |aCaOODSP|beng |
| 043 | |an-cn--- |
| 086 | 1 |aTU3-6/07-17E-PDF |
| 110 | 2 |aTransportation Safety Board of Canada. |
| 245 | 10|aMain-track derailment - Canadian National Railway Freight Train M-30711-02 Mile 123.5, Napadogan Subdivision Juniper, New Brunswick, 03 March 2007 |h[electronic resource] |
| 260 | |aOttawa - Ontario : |bTransportation Safety Board of Canada |c[2007]. |
| 300 | |a13p.|bcoloured illus., fig. |
| 490 | 1 |aRailway investigation report |vR07M0017 |
| 590 | |a13-08-Supp|b2013-04-02 |
| 775 | 08|tDéraillement en voie principale Canadien National Train de marchandises no M-30711-02 Point milliaire 123,5 de la subdivision Napadogan Juniper (Nouveau-Brunswick), le 3 mars 2007 |w(CaOODSP)9.605229 |
| 830 | #0|aRailway investigation report ;|vR07M0017|w(CaOODSP)9.504849 |
| 856 | 40|ahttp://publications.gc.ca|qPDF|s820 KB|uhttps://publications.gc.ca/collections/collection_2013/bst-tsb/TU3-6-07-17-eng.pdf|yR07M0017 |